Top Premier League Scorers from Outside of Europe Quiz Stats

 Plays Quiz Updated Jun 14, 2018

Challenge
Share
Tweet
Embed
Score 0/26 Timer 10:00
1 Play Today
Season Player % Correct
2017/2018Mohamed Salah
98.1%
2012/2013Luis Suárez
96.2%
2013/2014Luis Suárez
96.2%
2011/2012Sergio Agüero
95.9%
2014/2015Sergio Agüero
95.9%
2015/2016Sergio Agüero
95.9%
2016/2017Alexis Sánchez
95.3%
2006/2007Didier Drogba
95%
2009/2010Didier Drogba
94.9%
2007/2008Emmanuel Adebayor
80.7%
1995/1996Dwight Yorke
78.6%
1996/1997Dwight Yorke
78.6%
1998/1999Dwight Yorke
78.5%
Season Player % Correct
1999/2000Dwight Yorke
78.5%
2010/2011Carlos Tévez
71.8%
2000/2001Mark Viduka
70%
2002/2003Mark Viduka
70%
2003/2004Juan Pablo Ángel & Yakubu Ayegbeni
61.7%
2004/2005Yakubu Ayegbeni
56.4%
2005/2006Yakubu Ayegbeni
56.4%
2008/2009Robinho
55.4%
1997/1998Paulo Wanchope
42.5%
2001/2002Juan Pablo Ángel
36.3%
1994/1995Anthony Yeboah
33.6%
1992/1993Robbie Earle & Peter Ndlovu
22.6%
1993/1994Efan Ekoku
14.7%

You're not logged in!

Compare scores with friends on all Sporcle quizzes.
OR
Log In

You Might Also Like...

Show Comments

Extras

Top Quizzes Today


Score Distribution

Your Account Isn't Verified!

In order to create a playlist on Sporcle, you need to verify the email address you used during registration. Go to your Sporcle Settings to finish the process.

Report this User

Report this user for behavior that violates our Community Guidelines.

Details: